000 00780cam a2200193 4500
001 WB3648-06
008 000000n2000 000 0 eng u
035 _a(Sirsi) u109878
245 _aCautious welcome for plans to curb red tape
260 _c2000
490 _aFinancial Times
_v7 December 2000, 5(1)
520 _aBusiness leaders gave a cautious welcome to the regulatory reform bill announced in the Queen's Speech. This promises to cut red tape, and will make it easier for parliament to amend or repeal legislation regarded as obsolete or unnecessarily burdensome
590 _aWB
650 _aDEREGULATION AND CONTRACTING OUT ACT 1994
650 _aREGULATORY REFORM BILL
650 _aQUEENS SPEECH
690 _aMANAGEMENT-BUSINESS MANAGEMENT
942 _n0
999 _c65552
_d65552